LDR 00857naa#a2200217#i#450# 001 EN\\bibl\125693 005 20260701140941.3 011 ## _a2782-5957 100 ## _a20260630b2026####ek#y0engy0150####ca 102 ## _aRU 200 1# _aUSE OF FLAT SHOCK ABSORBERS IN SUSPENSION UNITS OF TRACTION ELECTRIC MOTORS OF DIESEL LOCOMOTIVES _eJournal article 210 1# _aBryansk _cBryansk State Technical University _d2026 215 ## _a9 с. 608 ## _aJournal article _2local 675 ## _aКолеса. 629.4.027.4 _aЭксплуатация железнодорожного транспорта. 656.2 _z 686 ## _aЖелезнодорожный транспорт. 392 _2bbk 700 #1 _aVorob'ev _gVladimir Ivanovich 700 #1 _aPugachev _gAleksandr Anatolyevich 700 #1 _aIzmerov _gOleg Vasil'evich 700 #1 _aFateev _gAndrey Anatolyevich 856 4# _abstu.editorum.ru _u